000 00526nam a2200193Ia 4500
001 40256
008 140212s ii a g b000 u 465 u
082 _a537
100 _aVasudeva,D N.
245 0 _aFundamentals of Electricity & Magnetism /
_cD N Vasudeva
_hTextual Documents
250 _a11th Rev Edn--1982.
260 _aAssam
_bS.Chand & Company Ltd.
300 _a868pg:
_bill ; ;
_c23cm.
653 _aPhysics
653 _aElectricity-Physics
653 _aG-Physics
653 _aG-Chemistry
942 _2ddc
_cBK
999 _c40227
_d40227